La puesta en imagenes : conceptos de direccion cinematografica (Registro nro. 354662)

Detalles MARC
001 - NÚMERO DE CONTROL
campo de control 930808
005 - FECHA Y HORA DE LA ÚLTIMA TRANSACCIÓN
campo de control 20260506155401.0
008 - DATOS DE LONGITUD FIJA--INFORMACIÓN GENERAL
campo de control de longitud fija 050616s2001 spa
020 ## - NÚMERO INTERNACIONAL ESTÁNDAR DEL LIBRO
Número Internacional Estándar del Libro 8449311152
035 ## - NÚMERO DE CONTROL DEL SISTEMA
Número de control de sistema 930808
035 ## - NÚMERO DE CONTROL DEL SISTEMA
Número de control de sistema (OCoLC)48636426
040 ## - FUENTE DE LA CATALOGACIÓN
Centro/agencia transcriptor comduadb
041 ## - CÓDIGO DE LENGUA
Código de lengua del texto/banda sonora o título independiente spa
082 #4 - NÚMERO DE LA CLASIFICACIÓN DECIMAL DEWEY
Número de clasificación 791
100 10 - ENTRADA PRINCIPAL--NOMBRE DE PERSONA
Nombre de persona Català, Josep María
Fechas asociadas al nombre 1967-
Código de función aut
Término indicativo de función/relación Autor/a
9 (RLIN) 374763
245 13 - MENCIÓN DE TÍTULO
Título La puesta en imagenes : conceptos de direccion cinematografica
260 ## - PUBLICACIÓN, DISTRIBUCIÓN, ETC.
Lugar de publicación, distribución, etc. Barcelona :
Nombre del editor, distribuidor, etc. Ediciones Paidós,
Fecha de publicación, distribución, etc. 2001.
300 ## - DESCRIPCIÓN FÍSICA
Extensión 381 páginas
490 0# - MENCIÓN DE SERIE
Mención de serie Paidos comunicacion cine ;
Designación de volumen o secuencia 128
650 #7 - PUNTO DE ACCESO ADICIONAL DE MATERIA--TÉRMINO DE MATERIA
Término de materia o nombre geográfico como elemento de entrada Cine
Subdivisión general Producción y dirección
Fuente del encabezamiento o término lemb
9 (RLIN) 1954
650 #0 - PUNTO DE ACCESO ADICIONAL DE MATERIA--TÉRMINO DE MATERIA
Término de materia o nombre geográfico como elemento de entrada Industria cinematográfica
9 (RLIN) 8186
942 ## - ELEMENTOS DE ENTRADA AGREGADA (KOHA)
Tipo de ítem Koha Libros
Existencias
Estado de retiro Estado de pérdida Estado dañado No para préstamo Código de colección Localización permanente Ubicación/localización actual Fecha de adquisición Fuente de adquisición Coste, precio normal de compra Número de inventario Total de préstamos Signatura topográfica completa Código de barras Fecha visto por última vez Fecha del último préstamo Número de copia Precio válido a partir de Tipo de ítem Koha
        Colección General Piso 2 Biblioteca Carlos Gaviria Díaz, Campus Medellín Biblioteca Carlos Gaviria Díaz, Campus Medellín 16/06/2005 Ediciones Valencia 107100.00 C869449 1 791.43 C357 0531768 21/11/2025 01/09/2025 1 26/04/2023 Libros